000 00201nam a2200073Ia 4500
008 170817s9999 xx 000 0 und d
100 _aMukhopadhyay.Marmar
245 0 _aEducational Technology Knowledge Assesment
260 _bShipra Pub
999 _c38953
_d38953